000 00354nam a2200133Ia 4500
008 240624s9999 xx 000 0 und d
041 _aeng
082 _a658.4012 CAR
100 _aCARLSSON MAGNUS
245 _aSTRATEGIC SOURCING AND CATEGORY MANAGEME
260 _c2015
_aLondon
_bKogan Page
300 _axii, : 232 : p. : cm. ; 23
365 _cGBP
_b30
999 _c27496
_d27496